Orff-Schulwerk (Record no. 111545)

MARC details
000 -LEADER
campo de control de longitud fija 00594nam a2200181 4500
001 - NÚMERO DE CONTROL
campo de control 111545
003 - IDENTIFICADOR DE NÚMERO DE CONTROL
campo de control ES-MaACL
005 - FECHA Y HORA DE LA ÚLTIMA TRANSACCIÓN
campo de control 20230906185323.0
007 - CAMPO FIJO DE DESCRIPCIÓN FÍSICA--INFORMACIÓN GENERAL
campo de control de longitud fija t|
008 - DATOS DE LONGITUD FIJA--INFORMACIÓN GENERAL
campo de control de longitud fija 061121s1969 sp r ||||1| spa d
100 1# - ENTRADA PRINCIPAL--NOMBRE DE PERSONA
Nombre de persona Orff, Carl.
9 (RLIN) 87240
245 10 - MENCIÓN DEL TÍTULO
Título Orff-Schulwerk
Resto del título : música para niños /
Mención de responsabilidad, etc. Carl Orff ; versión de Montserrat Sanuy, Luciano González Sarmiento.
260 ## - PUBLICACIÓN, DISTRIBUCIÓN, ETC.
Lugar de publicación, distribución, etc. Madrid :
Nombre del editor, distribuidor, etc. Unión Musical Española,
Fecha de publicación, distribución, etc. 1969.
300 ## - DESCRIPCIÓN FÍSICA
Extensión 190 p. ;
Dimensiones 19 cm.
700 1# - ENTRADA AGREGADA--NOMBRE PERSONAL
Nombre de persona Sanuy, Montserrat.
9 (RLIN) 103552
700 1# - ENTRADA AGREGADA--NOMBRE PERSONAL
Nombre de persona González Sarmiento, Luciano.
9 (RLIN) 58963
852 ## - LOCALIZACIÓN
Ubicación ES-MaACL
Número de control de estantería C-50732
Sublocalización o colección R.69451
Holdings
Estatus retirado Estado de pérdida Estado de daño No para préstamo Biblioteca de origen Biblioteca actual Ubicación en estantería Fecha de adquisición Fuente de adquisición Total de préstamos Signatura topográfica completa Código de barras Visto por última vez Precio de reemplazo Tipo de ítem Koha
        Biblioteca del Ateneo de Madrid Biblioteca del Ateneo de Madrid Depósito 2 17/01/2008     C-50732 1116366 23/02/2023 23/02/2023 Libro impreso